[Event "PRO League KO Stage 2019"]
[Site "chess.com INT"]
[Date "2019.05.05"]
[Round "4"]
[White "Sargsyan, Anna M."]
[Black "Zhao, Jun"]
[Result "1-0"]
[WhiteTitle "WFM"]
[BlackTitle "GM"]
[WhiteElo "2340"]
[BlackElo "2627"]
[WhiteTeam "Armenia Eagles"]
[BlackTeam "Chengdu Pandas"]
[WhiteFideId "13308130"]
[BlackFideId "8602522"]
[EventDate "2019.03.19"]

1. d4 Nf6 2. c4 g6 3. g3 Bg7 4. Bg2 O-O 5. Nc3 d6 6. Nf3 Nc6 7. O-O Bf5 8. d5
Na5 9. Nd2 c5 10. e4 Bd7 11. Qc2 a6 12. a4 e5 13. b3 Nh5 14. Bf3 Bh3 15. Re1 Nf6
16. Bg2 Bxg2 17. Kxg2 h5 18. h3 Nh7 19. Nf1 f5 20. exf5 gxf5 21. Rb1 Qf6 22. Bb2
h4 23. Ne2 hxg3 24. fxg3 Qh6 25. Bc3 b6 26. Qd2 Qh5 27. Ng1 Ng5 28. Qe2 Qg6 29.
Nf3 Ne4 30. Nh4 Qh7 31. Bxa5 bxa5 32. Nxf5 Nc3 33. Ne7+ Kh8 34. Qg4 Rf6 35. Rb2
Bh6 36. Nc6 Raf8 37. Ne3 Rg6 38. Qh4 Bxe3 39. Qxh7+ Kxh7 40. Rxe3 Nd1 41. Rbe2
Nxe3+ 42. Rxe3 Rgf6 43. g4 R6f7 44. Nxa5 Kh6 45. Kg3 Rf1 46. Nb7 R8f6 47. h4
Rg1+ 48. Kh3 Kg6 49. g5 Rf4 50. Nxd6 Rh1+ 51. Kg3 Rfxh4 52. Ne4 R1h3+ 53. Kf2
Rf4+ 54. Ke2 Rxe3+ 55. Kxe3 Kf5 56. Nxc5 Rg4 57. d6 Rg3+ 58. Kd2 Rg2+ 59. Kc3
Rxg5 60. d7 Rg8 61. Nb7 Kf4 62. d8=Q Rxd8 63. Nxd8 Kf3 64. Nc6 e4 65. Nd4+ 1-0

[Event "PRO League KO Stage 2019"]
[Site "chess.com INT"]
[Date "2019.05.05"]
[Round "4"]
[White "Wang, Yue"]
[Black "Andriasian, Zaven"]
[Result "1/2-1/2"]
[WhiteTitle "GM"]
[BlackTitle "GM"]
[WhiteElo "2684"]
[BlackElo "2600"]
[WhiteTeam "Chengdu Pandas"]
[BlackTeam "Armenia Eagles"]
[WhiteFideId "8601429"]
[BlackFideId "13302000"]
[EventDate "2019.03.19"]

1. Nf3 Nf6 2. c4 g6 3. b3 Bg7 4. Bb2 O-O 5. g3 c5 6. Bg2 Nc6 7. O-O b6 8. d4
cxd4 9. Nxd4 Bb7 10. Nc3 Rb8 11. Nd5 Nxd5 12. Bxd5 Nxd4 13. Bxd4 Bxd5 14. Bxg7
Kxg7 15. Qd4+ Kg8 16. cxd5 Rc8 17. Rac1 Rc7 18. Qe3 Re8 19. h4 h5 20. Rfd1 d6
21. Qf4 e6 22. Rxc7 Qxc7 23. Rc1 Qd7 24. dxe6 Qxe6 25. e3 Qd7 26. Qf6 Re6 27.
Qc3 Re7 28. Kg2 Qe6 29. Qc8+ Kg7 30. Qxe6 fxe6 31. Kf3 Rf7+ 32. Ke2 Kf6 33. e4
Rd7 34. a4 d5 35. exd5 Rxd5 36. Rc7 a5 37. Rb7 Rd6 38. Ke3 e5 39. f3 Ke6 40. g4
Rc6 41. Ke4 Rd6 42. Ke3 Rc6 1/2-1/2

[Event "PRO League KO Stage 2019"]
[Site "chess.com INT"]
[Date "2019.05.05"]
[Round "4"]
[White "Andriasian, Zaven"]
[Black "Li, Chao b"]
[Result "0-1"]
[WhiteTitle "GM"]
[BlackTitle "GM"]
[WhiteElo "2600"]
[BlackElo "2699"]
[WhiteTeam "Armenia Eagles"]
[BlackTeam "Chengdu Pandas"]
[WhiteFideId "13302000"]
[BlackFideId "8604436"]
[EventDate "2019.03.19"]

1. e4 c5 2. Nc3 Nc6 3. g3 g6 4. Bg2 Bg7 5. d3 e6 6. Nge2 Nge7 7. h4 d5 8. h5 d4
9. Nb1 e5 10. Nd2 Bg4 11. Bf3 Be6 12. a4 Qd7 13. Nc4 f5 14. Bg2 Bf6 15. b3 b6
16. Bd2 g5 17. exf5 Bxf5 18. Bc1 O-O 19. Nd2 h6 20. Ne4 Bg7 21. Bd2 Nd5 22. Ng1
Ncb4 23. Rc1 Rae8 24. Qe2 g4 25. f3 Na2 26. Ra1 Nac3 27. Bxc3 Nxc3 28. Qd2 gxf3
29. Bxf3 Bxe4 30. dxe4 Rxf3 31. Nxf3 Qg4 32. O-O Nxe4 33. Qg2 Nxg3 34. Nh2 Ne2+
35. Kh1 Qxg2+ 36. Kxg2 Nf4+ 37. Kf3 Nxh5 38. Rae1 e4+ 39. Rxe4 Rxe4 40. Kxe4
Ng3+ 41. Kd5 Nxf1 42. Nxf1 Kf7 43. Kc6 Ke6 44. Kb7 Kd5 45. Kxa7 Kc6 46. Ng3 Be5
47. Nh5 b5 48. axb5+ Kxb5 49. Kb7 c4 50. bxc4+ Kc5 51. Ka6 Kxc4 52. Kb6 Kc3 53.
Kc6 Kxc2 54. Kd5 d3 55. Kxe5 d2 56. Ng3 d1=Q 57. Nf5 Qh5 58. Kf4 Qg5+ 59. Ke4
Kd2 60. Nd4 Qg4+ 61. Ke5 Kd3 0-1

[Event "PRO League KO Stage 2019"]
[Site "chess.com INT"]
[Date "2019.05.05"]
[Round "4"]
[White "Zhao, Jun"]
[Black "Sargsyan, Shant"]
[Result "1/2-1/2"]
[WhiteTitle "GM"]
[BlackTitle "IM"]
[WhiteElo "2627"]
[BlackElo "2488"]
[WhiteTeam "Chengdu Pandas"]
[BlackTeam "Armenia Eagles"]
[WhiteFideId "8602522"]
[BlackFideId "13306766"]
[EventDate "2019.03.19"]

1. e4 e5 2. Nf3 Nc6 3. Bb5 a6 4. Ba4 Nf6 5. d3 b5 6. Bb3 Be7 7. a4 b4 8. O-O O-O
9. Nbd2 d6 10. Nc4 Be6 11. h3 Nd7 12. Be3 a5 13. Ncd2 Bxb3 14. cxb3 Bf6 15. Qc2
Ne7 16. d4 exd4 17. Bxd4 Ng6 18. Bxf6 Nxf6 19. Rfe1 Re8 20. Rac1 c5 21. Rcd1 Qc7
22. Nc4 Rad8 23. Re3 h6 24. Rde1 d5 25. exd5 Rxe3 26. Nxe3 Nxd5 27. Nc4 Ndf4 28.
Qe4 Ne6 29. Qf5 Kh7 30. h4 Kg8 31. g3 Ne7 32. Qg4 Nc6 33. Rxe6 fxe6 34. Qxe6+
Kh7 35. Qf5+ Kg8 36. Qe6+ Kh7 37. Qf5+ Kg8 38. Qe6+ 1/2-1/2

[Event "PRO League KO Stage 2019"]
[Site "chess.com INT"]
[Date "2019.05.05"]
[Round "4"]
[White "Martirosyan, Haik M."]
[Black "Wang, Yue"]
[Result "1-0"]
[WhiteTitle "GM"]
[BlackTitle "GM"]
[WhiteElo "2616"]
[BlackElo "2684"]
[WhiteTeam "Armenia Eagles"]
[BlackTeam "Chengdu Pandas"]
[WhiteFideId "13306553"]
[BlackFideId "8601429"]
[EventDate "2019.03.19"]

1. d4 d5 2. Nf3 Nf6 3. c4 c6 4. Nc3 dxc4 5. a4 Bf5 6. e3 e6 7. Bxc4 Bb4 8. O-O
Nbd7 9. Qe2 Bg6 10. e4 O-O 11. Bd3 Bh5 12. e5 Nd5 13. Nxd5 cxd5 14. Qe3 Be7 15.
Ng5 Bxg5 16. Qxg5 Bg6 17. Be2 Nb8 18. Qxd8 Rxd8 19. Bd2 Nc6 20. Bc3 Rac8 21. a5
a6 22. Ra3 f6 23. exf6 gxf6 24. f4 Bc2 25. Rc1 Be4 26. Re1 Kf7 27. Rb3 Rc7 28.
Rb6 Ke7 29. Kf2 Rg8 30. g3 f5 31. Bd1 Kf6 32. Ba4 Ne7 33. Bb4 Nc8 34. Bc5 Nxb6
35. axb6 Rcc8 36. Re3 Rxc5 37. dxc5 d4 38. Ra3 e5 39. fxe5+ Kxe5 40. b4 f4 41.
gxf4+ Kxf4 42. Rg3 Rf8 43. Ke1 Ke5 44. Rg5+ Kf6 45. Rg4 Ke5 46. Rg7 d3 47. Kd2
Rf2+ 48. Kc3 Ra2 49. Re7+ Kf4 50. c6 Bxc6 51. Bxc6 Rc2+ 52. Kxd3 Rxc6 53. Rxb7
Ke5 54. Rb8 Rd6+ 55. Kc4 Rc6+ 56. Kb3 Re6 57. b7 Re7 58. Ka4 1-0

[Event "PRO League KO Stage 2019"]
[Site "chess.com INT"]
[Date "2019.05.05"]
[Round "4"]
[White "Zhang, Di"]
[Black "Sargsyan, Anna M."]
[Result "1-0"]
[BlackTitle "WFM"]
[WhiteElo "1966"]
[BlackElo "2340"]
[WhiteTeam "Chengdu Pandas"]
[BlackTeam "Armenia Eagles"]
[WhiteFideId "8616590"]
[BlackFideId "13308130"]
[EventDate "2019.03.19"]

1. d4 d5 2. c4 c6 3. cxd5 cxd5 4. Nc3 Nc6 5. Bf4 e5 6. Bxe5 Nxe5 7. dxe5 d4 8.
Ne4 Qa5+ 9. Nd2 Ne7 10. Nf3 Nc6 11. g3 Nxe5 12. Nxe5 Qxe5 13. Bg2 d3 14. e3 Qxb2
15. O-O Be7 16. Nb3 O-O 17. Qxd3 Qa3 18. Qb5 a6 19. Qb6 Bd8 20. Qc5 Qxc5 21.
Nxc5 Ra7 22. a4 b6 23. Nb3 Bf6 24. Nd4 Bd7 25. Rfb1 Rb8 26. Ra2 Rc7 27. Bf3 Rc4
28. Rab2 Rxa4 29. Rxb6 Rxb6 30. Rxb6 h6 31. Rb8+ Kh7 32. Be4+ g6 33. Rb7 Bh3 34.
Rxf7+ Kg8 35. Rb7 Bxd4 36. exd4 Rxd4 37. f3 Rd2 38. f4 Rd6 39. Kf2 Kf8 40. Ke3
Re6 41. Rb8+ Kg7 42. Kd4 Bf1 43. Bd5 Re7 44. Kc5 Bb5 45. Kd6 Rd7+ 46. Ke6 Rc7
47. g4 Rf7 48. f5 gxf5 49. gxf5 Bd7+ 50. Kd6 Rxf5 51. Rb7 Kf6 52. Rxd7 Rf2 53.
Rf7+ Kg5 54. Rxf2 a5 55. Ra2 Kh4 56. Rxa5 Kh3 57. Ra2 h5 58. Ke5 h4 59. Be6# 1-0

[Event "PRO League KO Stage 2019"]
[Site "chess.com INT"]
[Date "2019.05.05"]
[Round "4"]
[White "Agrest, Inna"]
[Black "Caruana, Fabiano"]
[Result "0-1"]
[WhiteTitle "WIM"]
[BlackTitle "GM"]
[WhiteElo "2265"]
[BlackElo "2828"]
[WhiteTeam "Baden-Baden Snowballs"]
[BlackTeam "Saint Louis Arch Bishops"]
[WhiteFideId "1708830"]
[BlackFideId "2020009"]
[EventDate "2019.03.19"]

1. e4 c5 2. Nf3 e6 3. d4 cxd4 4. Nxd4 a6 5. Bd3 Bc5 6. Nb3 Be7 7. O-O d6 8. a4
Nf6 9. Na3 O-O 10. Be3 Nc6 11. Nc4 e5 12. Nb6 Rb8 13. f3 Be6 14. c4 Nd7 15. Nd5
Bg5 16. Bf2 b6 17. Qe2 Nc5 18. Bc2 a5 19. Rfd1 Bxd5 20. Rxd5 Qe7 21. Nc1 Ne6 22.
Qd1 Nb4 23. Rb5 Qc7 24. Nd3 Nc6 25. Rd5 Rfd8 26. b3 Nc5 27. h4 Bh6 28. Nxc5 bxc5
29. Qe2 Re8 30. Rad1 Re6 31. g4 Bf4 32. Re1 Qe7 33. Kg2 h5 34. g5 Rg6 35. Rg1 f6
36. Kf1 fxg5 37. hxg5 Rf8 38. Ke1 Bxg5 39. Kd1 Nb4 0-1

[Event "PRO League KO Stage 2019"]
[Site "chess.com INT"]
[Date "2019.05.05"]
[Round "4"]
[White "Theodorou, Nikolas"]
[Black "Donchenko, Alexander"]
[Result "1-0"]
[WhiteTitle "IM"]
[BlackTitle "GM"]
[WhiteElo "2551"]
[BlackElo "2593"]
[WhiteTeam "Saint Louis Arch Bishops"]
[BlackTeam "Baden-Baden Snowballs"]
[WhiteFideId "4262875"]
[BlackFideId "24603295"]
[EventDate "2019.03.19"]

1. e4 c6 2. Nf3 d5 3. d3 g6 4. exd5 cxd5 5. d4 Bg7 6. Bd3 Nc6 7. O-O Nf6 8. c3
O-O 9. Nbd2 Ne8 10. Re1 Nd6 11. Nb3 Bf5 12. Bxf5 Nxf5 13. Nc5 Nd6 14. Bf4 b6 15.
Nd3 Ne4 16. Nfe5 Nxe5 17. Nxe5 e6 18. Nd3 Qd7 19. f3 Nd6 20. Qe2 Rfe8 21. h4 h5
22. Qf2 Qe7 23. Bg5 Bf6 24. Qg3 Nf5 25. Qf4 Kg7 26. g3 Rac8 27. Ne5 Rh8 28. Kf2
b5 29. a3 a5 30. Rf1 Bxg5 31. hxg5 b4 32. axb4 axb4 33. g4 hxg4 34. fxg4 Nd6 35.
Kg2 bxc3 36. Ra6 Rcd8 37. Ra7 Qxa7 38. Qf6+ Kg8 39. Qxd8+ Kg7 40. Qf6+ Kg8 41.
Nxg6 fxg6 42. Qf8+ 1-0

[Event "PRO League KO Stage 2019"]
[Site "chess.com INT"]
[Date "2019.05.05"]
[Round "4"]
[White "Proleiko, Julian"]
[Black "Meier, Georg"]
[Result "0-1"]
[BlackTitle "GM"]
[WhiteElo "2153"]
[BlackElo "2621"]
[WhiteTeam "Saint Louis Arch Bishops"]
[BlackTeam "Baden-Baden Snowballs"]
[WhiteFideId "30900255"]
[BlackFideId "4675789"]
[EventDate "2019.03.19"]

1. d4 e6 2. Nf3 Nf6 3. Bf4 Be7 4. e3 Nh5 5. Bg3 d6 6. Nbd2 b6 7. c3 Bb7 8. Bd3
Nd7 9. Qe2 a6 10. Be4 c6 11. Bc2 g6 12. Ne4 Nxg3 13. hxg3 Kf8 14. O-O Kg7 15.
Bd3 h5 16. Ned2 Qc7 17. Rfe1 Nf6 18. Rad1 b5 19. Ra1 e5 20. a4 Rad8 21. e4 Ng4
22. axb5 cxb5 23. Rec1 exd4 24. cxd4 Qb6 25. Nf1 Bf6 26. e5 dxe5 27. dxe5 Be7
28. Rc2 Nxf2 29. Qxf2 Qxf2+ 30. Kxf2 Rxd3 31. Rc7 Bxf3 32. gxf3 Bd8 33. Rb7 Re8
34. f4 Re6 35. Rc1 Re7 36. Rb8 Bc7 37. Ra8 a5 38. Kg2 Red7 39. Ra7 Bd8 40. Ra8
Bc7 41. Ra7 Bb6 42. Ra8 Rd8 43. Ra6 Bd4 44. Rc7 Bxb2 45. Rxa5 b4 46. Raa7 Rf8
47. e6 b3 48. Rxf7+ Rxf7 49. Rxf7+ Kg8 50. Rb7 Kf8 51. Kf2 Bd4+ 52. Ke2 Rc3 53.
Nd2 b2 54. Rb4 Bf6 55. Rb7 Bd4 56. Rb4 Re3+ 57. Kd1 Bc3 58. Rb8+ Ke7 59. Kc2
Bxd2 60. Kxd2 Rxg3 61. Rb6 h4 62. Ke1 b1=Q+ 0-1

[Event "PRO League KO Stage 2019"]
[Site "chess.com INT"]
[Date "2019.05.05"]
[Round "4"]
[White "Kollars, Dmitrij"]
[Black "Bok, Benjamin"]
[Result "1/2-1/2"]
[WhiteTitle "GM"]
[BlackTitle "GM"]
[WhiteElo "2564"]
[BlackElo "2638"]
[WhiteTeam "Baden-Baden Snowballs"]
[BlackTeam "Saint Louis Arch Bishops"]
[WhiteFideId "12909572"]
[BlackFideId "1017063"]
[EventDate "2019.03.19"]

1. e4 e5 2. Nf3 Nc6 3. Bc4 Bc5 4. c3 Nf6 5. d3 O-O 6. O-O d5 7. exd5 Nxd5 8. a4
Bf5 9. Re1 Nb6 10. Bb5 e4 11. dxe4 Qxd1 12. Rxd1 Bxe4 13. b4 Bd6 14. a5 Nc8 15.
Be3 a6 16. Be2 N8e7 17. Nbd2 Bc2 18. Rdc1 Bg6 19. Nc4 Nf5 20. Nxd6 Nxd6 21. Rd1
Rfe8 22. Kf1 Rad8 23. Bf4 f6 24. Rd2 Ne4 25. Rxd8 Rxd8 26. Rc1 Rd7 27. Ke1 Bf7
28. Nd2 Nxd2 29. Bxd2 Ne5 30. Bf4 Kf8 31. Bxe5 fxe5 32. Bf3 c6 33. Bg4 Rd8 34.
Rd1 Ke7 35. Rxd8 Kxd8 36. Kd2 Kc7 37. Ke3 h6 38. f4 exf4+ 39. Kxf4 Kd6 40. Bc8
Kc7 41. Bf5 Kd6 42. h4 Bd5 43. g3 Bf7 44. Ke4 c5 45. Kd3 Bd5 46. Bg6 Kc6 47.
Be8+ Kd6 48. Bg6 Kc6 49. Be8+ Kd6 50. Bg6 1/2-1/2

[Event "PRO League KO Stage 2019"]
[Site "chess.com INT"]
[Date "2019.05.05"]
[Round "4"]
[White "Caruana, Fabiano"]
[Black "Kollars, Dmitrij"]
[Result "1-0"]
[WhiteTitle "GM"]
[BlackTitle "GM"]
[WhiteElo "2828"]
[BlackElo "2564"]
[WhiteTeam "Saint Louis Arch Bishops"]
[BlackTeam "Baden-Baden Snowballs"]
[WhiteFideId "2020009"]
[BlackFideId "12909572"]
[EventDate "2019.03.19"]

1. e4 e5 2. Nf3 Nc6 3. Bb5 a6 4. Ba4 Nf6 5. O-O Bc5 6. c3 b5 7. Bb3 d6 8. a4 Bg4
9. h3 Bh5 10. d3 Rb8 11. Re1 b4 12. Nbd2 Na5 13. Bc2 O-O 14. g4 Bg6 15. Nf1 Re8
16. Ng3 d5 17. Qe2 bxc3 18. bxc3 Nb3 19. Bxb3 Rxb3 20. Qc2 Rb8 21. Kg2 Qd7 22.
Bg5 Qc6 23. Bxf6 dxe4 24. Nxe4 gxf6 25. Nh4 Rbd8 26. Qe2 Re6 27. Qf3 Bxe4 28.
Rxe4 Bf8 29. c4 Red6 30. Rd1 Qd7 31. Re3 Bh6 32. c5 Bxe3 33. cxd6 Bf4 34. dxc7
Qxc7 35. Nf5 Qc2 36. d4 e4 37. Qxf4 Qxd1 38. Qh6 Qf3+ 39. Kg1 1-0

[Event "PRO League KO Stage 2019"]
[Site "chess.com INT"]
[Date "2019.05.05"]
[Round "4"]
[White "Donchenko, Alexander"]
[Black "Proleiko, Julian"]
[Result "1/2-1/2"]
[WhiteTitle "GM"]
[WhiteElo "2593"]
[BlackElo "2153"]
[WhiteTeam "Baden-Baden Snowballs"]
[BlackTeam "Saint Louis Arch Bishops"]
[WhiteFideId "24603295"]
[BlackFideId "30900255"]
[EventDate "2019.03.19"]

1. Nf3 d5 2. g3 c6 3. Bg2 Bg4 4. h3 Bxf3 5. Bxf3 Nf6 6. d3 Nbd7 7. O-O e6 8. a4
Be7 9. a5 a6 10. Bg2 Bb4 11. Bd2 Bxd2 12. Nxd2 O-O 13. c3 Qc7 14. Qc2 e5 15. c4
d4 16. b4 Rac8 17. Qb2 Qd6 18. Rfb1 Rfd8 19. b5 Nc5 20. Qa3 Qf8 21. bxc6 bxc6
22. Rb6 Qd6 23. Nb3 Nxb3 24. Qxd6 Rxd6 25. Rxb3 Nd7 26. Rab1 g6 27. Rb7 Nc5 28.
Rb8 Rf8 29. R1b6 Rxb8 30. Rxb8+ Kg7 31. Rb6 f5 32. Bxc6 Kf6 33. Kf1 Ke7 34. Ke1
Kd8 35. Bd5 Rxb6 36. axb6 h6 37. f4 exf4 38. gxf4 g5 39. Bc6 a5 40. fxg5 hxg5
41. Kd2 f4 42. Ke1 Kc8 43. Kd1 Kd8 44. Kd2 Kc8 45. Kc2 Kd8 46. Kb2 Kc8 47. Ka3
Kd8 48. Bf3 Kc8 49. Kb2 Kd8 50. Bg4 Ke7 51. Ka3 Kd6 52. Bf3 Kd7 53. Ba8 Kc8 54.
Bd5 Kb8 55. Bf3 Kc8 56. Bc6 Kb8 57. Kb2 Kc8 58. Kc2 Kd8 59. Bf3 Kc8 60. Kb2 Kb8
61. Kb1 Kc8 62. Kc2 Kb8 63. Kd2 Kc8 64. Ke1 Kd8 65. Bg4 Ke7 66. Kd2 Kd6 67. Kc2
Kc6 68. Kb2 Kxb6 69. Ka3 Kc7 70. Bf3 Kd6 71. Bg4 Ke5 72. Bf3 Kf6 73. Bg4 f3 74.
Bxf3 Ke5 75. Kb2 Kf4 76. Kc2 Kg3 77. Bg4 Kf4 78. Kd2 Nb3+ 79. Kc2 Nc5 80. Kd2
Nb3+ 81. Kc2 Nc5 82. Kd2 Nb3+ 83. Kc2 1/2-1/2

[Event "PRO League KO Stage 2019"]
[Site "chess.com INT"]
[Date "2019.05.05"]
[Round "4"]
[White "Bok, Benjamin"]
[Black "Agrest, Inna"]
[Result "1-0"]
[WhiteTitle "GM"]
[BlackTitle "WIM"]
[WhiteElo "2638"]
[BlackElo "2265"]
[WhiteTeam "Saint Louis Arch Bishops"]
[BlackTeam "Baden-Baden Snowballs"]
[WhiteFideId "1017063"]
[BlackFideId "1708830"]
[EventDate "2019.03.19"]

1. Nf3 Nf6 2. c4 g6 3. g3 Bg7 4. Bg2 O-O 5. d4 d6 6. Nc3 Nbd7 7. O-O a6 8. b3 e5
9. e4 exd4 10. Nxd4 Ng4 11. h3 Nge5 12. Be3 Rb8 13. Qc2 c5 14. Nde2 b5 15. Rad1
b4 16. Nd5 Nc6 17. Rd2 Re8 18. Rfd1 Qa5 19. Bf4 Nce5 20. Ne3 Bf8 21. Rxd6 Bxd6
22. Rxd6 Rb6 23. Rd1 Rbe6 24. Nd5 Bb7 25. Bc1 Bxd5 26. cxd5 Rd6 27. f4 c4 28.
fxe5 Nxe5 29. Bf4 c3 30. Nd4 Qb6 31. Kh2 a5 32. Bxe5 Rxe5 33. Nc6 Re8 34. e5 Rd7
35. d6 Kg7 36. Qe4 Qc5 37. Qf4 Re6 38. Rf1 c2 39. Ne7 Rdxe7 40. dxe7 Rxe7 41.
Qf6+ Kg8 42. e6 Qc7 43. exf7+ Rxf7 44. Bd5 c1=Q 45. Bxf7+ Kf8 46. Bxg6+ Kg8 47.
Qf8# 1-0

[Event "PRO League KO Stage 2019"]
[Site "chess.com INT"]
[Date "2019.05.05"]
[Round "4"]
[White "Meier, Georg"]
[Black "Theodorou, Nikolas"]
[Result "1/2-1/2"]
[WhiteTitle "GM"]
[BlackTitle "IM"]
[WhiteElo "2621"]
[BlackElo "2551"]
[WhiteTeam "Baden-Baden Snowballs"]
[BlackTeam "Saint Louis Arch Bishops"]
[WhiteFideId "4675789"]
[BlackFideId "4262875"]
[EventDate "2019.03.19"]

1. Nf3 Nf6 2. g3 g6 3. Bg2 Bg7 4. c4 O-O 5. O-O Nc6 6. d4 d5 7. cxd5 Nxd5 8. Nc3
e5 9. Nxd5 e4 10. Ne5 Qxd5 11. Nxc6 bxc6 12. Be3 Ba6 13. Qc2 f5 14. Rfd1 Qc4 15.
Rd2 Rfd8 16. Qd1 Rd7 17. Rc1 Qxa2 18. Rxc6 Bb5 19. Rc5 a6 20. Bf4 c6 21. Be5 Bf8
22. b3 Qxd2 23. Qxd2 Bxc5 24. Qc3 Bd6 25. Bxd6 Rxd6 26. Bf1 Rb8 27. e3 Bxf1 28.
Kxf1 Rb5 29. b4 Kf7 30. Kg2 Re6 31. Qa3 Rb7 32. Qa5 h5 33. Kh3 Kf6 34. Qd8+ Kf7
35. Qa5 Kf6 36. Qa1 Kf7 37. Qc3 Rb5 38. Qa3 Rb7 39. Qc3 Rb5 40. Kh4 Rb7 41. Kg5
Rb5 42. Kf4 Rd5 43. h4 Rb5 44. Qa3 Rd6 45. Qxa6 Re6 46. Qa3 Kf6 47. Qc3 Kf7 48.
Qb2 Rb7 49. Kg5 Rb5 50. Kh6 Re8 51. d5 Rxd5 52. Qg7+ Ke6 53. Qxg6+ Kd7 54. Qf7+
Re7 55. Qg8 Re8 56. Qf7+ Re7 57. Qg8 Re8 58. Qf7+ 1/2-1/2

[Event "PRO League KO Stage 2019"]
[Site "chess.com INT"]
[Date "2019.05.05"]
[Round "4"]
[White "Meier, Georg"]
[Black "Bok, Benjamin"]
[Result "1/2-1/2"]
[WhiteTitle "GM"]
[BlackTitle "GM"]
[WhiteElo "2621"]
[BlackElo "2638"]
[WhiteTeam "Baden-Baden Snowballs"]
[BlackTeam "Saint Louis Arch Bishops"]
[WhiteFideId "4675789"]
[BlackFideId "1017063"]
[EventDate "2019.03.19"]

1. Nf3 d5 2. g3 c6 3. Bg2 Bg4 4. h3 Bh5 5. c4 e6 6. O-O Nf6 7. d3 dxc4 8. dxc4
Nbd7 9. Nc3 Be7 10. Be3 O-O 11. g4 Bg6 12. Nh4 Qc7 13. Nxg6 hxg6 14. Qc2 Rfd8
15. Na4 Bd6 16. f4 Be7 17. Rad1 Qa5 18. a3 Nb6 19. Nxb6 axb6 20. Kh1 b5 21. Bd2
Qb6 22. cxb5 Qxb5 23. Bc3 Nd5 24. Bxd5 Rxd5 25. Rxd5 Qxd5+ 26. e4 Qc4 27. Rd1
Rd8 28. Rxd8+ Bxd8 29. Kg2 Ba5 30. h4 b5 31. Kf3 Qf1+ 32. Qf2 Qh3+ 33. Qg3 Qf1+
34. Qf2 Qh3+ 35. Qg3 Qf1+ 36. Qf2 Qh3+ 1/2-1/2

[Event "PRO League KO Stage 2019"]
[Site "chess.com INT"]
[Date "2019.05.05"]
[Round "4"]
[White "Proleiko, Julian"]
[Black "Kollars, Dmitrij"]
[Result "1/2-1/2"]
[BlackTitle "GM"]
[WhiteElo "2153"]
[BlackElo "2564"]
[WhiteTeam "Saint Louis Arch Bishops"]
[BlackTeam "Baden-Baden Snowballs"]
[WhiteFideId "30900255"]
[BlackFideId "12909572"]
[EventDate "2019.03.19"]

1. d4 Nf6 2. Nf3 e6 3. c3 c5 4. a3 d5 5. b4 b6 6. Bf4 Be7 7. h3 O-O 8. e3 a5 9.
bxc5 bxc5 10. Nbd2 Ba6 11. Bxa6 Nxa6 12. O-O Nc7 13. a4 cxd4 14. Nxd4 Na6 15. c4
Qd7 16. Nb5 Rac8 17. cxd5 Nxd5 18. Nf3 Rfd8 19. Bg3 Bb4 20. Qe2 Nc5 21. Rfd1 Ne4
22. Be5 f6 23. Bb2 Qf7 24. Rac1 h6 25. Nfd4 Nc5 26. Ra1 Nb6 27. Nc3 e5 28. Nf5
Nb3 29. Rxd8+ Rxd8 30. Rd1 Rc8 31. Ne4 Qg6 32. g4 Nxa4 33. Rd7 Nxb2 34. Qxb2 a4
35. Rxg7+ Qxg7 36. Nxg7 Kxg7 37. Qa2 Rc1+ 38. Kg2 Ra1 39. Qc2 Rc1 40. Qd3 Rc7
41. Ng3 Nc5 42. Nh5+ Kf8 43. Qd6+ Re7 44. Qxf6+ Ke8 45. Qc6+ Kf7 46. Qf6+ Ke8
47. Ng7+ Kd7 48. Nf5 Re6 49. Qf7+ Kc6 50. Ne7+ Kb5 51. Nd5 Rc6 52. Qe8 Na6 53.
Ne7 Bxe7 54. Qxe7 Nc5 55. Qxe5 a3 56. Qd5 Ra6 57. Qa2 Kb4 58. h4 Na4 59. Qd2+
Nc3 60. Qd4+ Kb3 61. Qd3 Ra4 62. Qf5 a2 63. Qe6+ Kb2 64. Qb6+ Kc2 65. Qg6+ Kc1
66. g5 hxg5 67. hxg5 a1=Q 68. Qc6 Rg4+ 69. Kf3 Rxg5 70. Qc7 Qa8+ 71. Kf4 Rb5 72.
Qxc3+ Kd1 73. Qd3+ Ke1 74. Qxb5 Kxf2 75. Qe5 Ke2 76. e4 Qf8+ 77. Qf5 Qd6+ 78.
Kg5 Qe7+ 79. Kg6 Qe8+ 80. Kf6 Qf8+ 81. Ke6 Qe8+ 82. Kd5 Qd8+ 83. Ke5 Qe8+ 84.
Qe6 Qb5+ 85. Kf6 Qh5 86. e5 Qh6+ 87. Ke7 Qg7+ 88. Kd6 Qf8+ 89. Qe7 Qb8+ 90. Ke6
Qb3+ 91. Kf6 Qf3+ 92. Kg7 Qg4+ 93. Kf8 Qf5+ 94. Qf6 Qc8+ 95. Kg7 Qg4+ 96. Kf7
Qd7+ 97. Kg6 Qg4+ 98. Qg5 Qe6+ 99. Qf6 Qg4+ 100. Kf7 Qd7+ 101. Qe7 Qf5+ 102. Ke8
Qc8+ 103. Kf7 Qf5+ 104. Qf6 Qd7+ 105. Kg6 Qg4+ 106. Qg5 Qe6+ 107. Kh5 Qh3+ 108.
Kg6 Qe6+ 1/2-1/2

[Event "PRO League KO Stage 2019"]
[Site "chess.com INT"]
[Date "2019.05.05"]
[Round "4"]
[White "Theodorou, Nikolas"]
[Black "Agrest, Inna"]
[Result "1-0"]
[WhiteTitle "IM"]
[BlackTitle "WIM"]
[WhiteElo "2551"]
[BlackElo "2265"]
[WhiteTeam "Saint Louis Arch Bishops"]
[BlackTeam "Baden-Baden Snowballs"]
[WhiteFideId "4262875"]
[BlackFideId "1708830"]
[EventDate "2019.03.19"]

1. e4 e5 2. Nf3 Nc6 3. Nc3 Nf6 4. Bb5 Bd6 5. g4 a6 6. Bc4 b5 7. Bb3 b4 8. g5
bxc3 9. gxf6 Qxf6 10. dxc3 h6 11. Be3 a5 12. Bc4 Rb8 13. b3 Ba3 14. Rb1 Be7 15.
Rg1 Bb7 16. Nd2 Nd8 17. Qg4 g6 18. f4 d6 19. Ke2 Bc8 20. Qf3 Ne6 21. fxe5 dxe5
22. Rgf1 Qxf3+ 23. Nxf3 Bd6 24. Rbd1 Ke7 25. a4 Bb7 26. Nd2 f6 27. Bd5 h5 28.
Bxb7 Rxb7 29. Nc4 Ra8 30. Rd5 g5 31. Nxa5 Rbb8 32. Nc6+ Kf7 33. Nxb8 Rxb8 34. a5
Ra8 35. b4 Kg6 36. Ra1 g4 37. b5 Nf4+ 38. Bxf4 exf4 39. Rxd6 cxd6 40. a6 g3 41.
hxg3 fxg3 42. Kf3 h4 43. a7 f5 44. exf5+ Kxf5 45. b6 1-0

[Event "PRO League KO Stage 2019"]
[Site "chess.com INT"]
[Date "2019.05.05"]
[Round "4"]
[White "Donchenko, Alexander"]
[Black "Caruana, Fabiano"]
[Result "1/2-1/2"]
[WhiteTitle "GM"]
[BlackTitle "GM"]
[WhiteElo "2593"]
[BlackElo "2828"]
[WhiteTeam "Baden-Baden Snowballs"]
[BlackTeam "Saint Louis Arch Bishops"]
[WhiteFideId "24603295"]
[BlackFideId "2020009"]
[EventDate "2019.03.19"]

1. d4 Nf6 2. c4 e6 3. g3 c5 4. d5 exd5 5. cxd5 d6 6. Nc3 g6 7. Bg2 Bg7 8. Nf3
O-O 9. O-O Re8 10. Bf4 a6 11. a4 h6 12. Qc1 g5 13. Bd2 Bf5 14. h4 g4 15. Ne1 Kh7
16. Nc2 Bg6 17. Ne3 Nbd7 18. a5 Ne5 19. Ra4 h5 20. Ne4 Nxe4 21. Bxe4 Qd7 22. Qc2
Rac8 23. Bf5 Qb5 24. Bc3 Rc7 25. Rfa1 Bh6 26. Ng2 c4 27. Bxe5 Rxe5 28. Bxg6+
fxg6 29. e4 Qe8 30. Re1 Qc8 31. Ne3 c3 32. b3 Bxe3 33. Rxe3 Ree7 34. Ra3 Rf7 35.
Kg2 Rf3 36. Rxf3 gxf3+ 37. Kxf3 Qh3 38. b4 Qf1 39. Ke3 Rf7 40. Rxc3 Qe1+ 41. Kd3
Rf3+ 42. Kc4 Rxf2 43. Qd3 Re2 44. Kb3 Rxe4 45. Qc2 Re5 46. Rc7+ Kh6 47. Qc1+
Qxc1 48. Rxc1 Rxd5 49. Rc7 Rb5 50. Rd7 b6 51. axb6 Rxb6 52. Kc4 g5 53. Kd5 gxh4
54. gxh4 Rb5+ 55. Kc4 Rb6 56. Kd5 Rxb4 57. Rxd6+ Kg7 58. Rxa6 Rxh4 59. Ke5 Rg4
60. Kf5 Rg1 61. Ra7+ Kh6 62. Ra6+ Kh7 63. Ra7+ Rg7 64. Rxg7+ Kxg7 65. Kg5 h4 66.
Kxh4 1/2-1/2